Normal view
MARC view
- Cruz-Aldrete, Miroslava
Entry Nombre Personal
001 - NUMERO DE CONTROL
- campo de control: 59426
003 - IDENTIFICADOR DE NUMERO DE CONTROL
- campo de control: MX-MxUPN
005 - FECHA Y HORA DE LA ÜLTIMA TRANSACCIÓN
- campo de control: 20260428151320.0
008 - DATOS DE LONGITUD FIJA
- campo de control de longitud fija: 260428|n ac|nnaabn | aaa d
040 ## - FUENTE DE CATALOGACIÓN
- Agencia original de catalogación: MX-MxUPN
- Lenguaje de catalogación: spa
100 1# - ENCABEZAMIENTO - NOMBRE PERSONAL
- Nombre personal: Cruz-Aldrete, Miroslava
670 ## - FUENTE EN LA QUE SE LOCALIZARON DATOS
- Cita de la fuente: Lengua de señas, lengua escrita: la perspectiva bilingüe para las comunidades Sordas de México y Brasil, 2024:
- Información localizada: portada (Miroslava Cruz-Aldrete)
- Uniform Resource Identifier: http://riaa.uaem.mx/handle/20.500.12055/4668
902 ## - CATALOGADOR
- Catalogador: JohanaAllegre/280426
